Videotext : the coming revolution in home/office information retrieval /

Bibliographic Details
Other Authors: Sigel, Efrem
Format: Book
Language:English
Published: White Plains, N.Y. : Knowledge Industry Publications, [1980]
Series:Communications library.
Subjects:

MARC

Tag First Indicator Second Indicator Subfields
LEADER 00000cam a22000008i 4500
001 in00000067831
005 20151008050822.0
008 790801s1980 nyua b 00100 eng
010 |a  79018935  
020 |a 0914236415 :  |c $24.95 
035 |a (OCoLC)05286289 
035 |9 AAG3586AM 
040 |a DLC  |c DLC  |d TXA  |d UtOrBLW 
049 |a TXAM  |c [1242918] 
050 0 0 |a TK5105.5  |b .V52 
082 0 |a 778.59 
245 0 0 |a Videotext :  |b the coming revolution in home/office information retrieval /  |c edited by Efrem Sigel. 
263 |a 7909 
264 1 |a White Plains, N.Y. :  |b Knowledge Industry Publications,  |c [1980] 
264 4 |c ©1980 
300 |a 154 pages :  |b illustrations ;  |c 24 cm. 
336 |a text  |b txt  |2 rdacontent 
337 |a unmediated  |b n  |2 rdamedia 
338 |a volume  |b nc  |2 rdacarrier 
490 1 |a The Communications library 
500 |a Includes bibliographical references and index. 
650 0 |a Data transmission systems. 
650 0 |a Television. 
700 1 |a Sigel, Efrem. 
830 0 |a Communications library. 
999 |a MARS 
999 f f |s 68532ad5-619a-3983-b63b-9c590a180485  |i faf016b1-8728-3178-93ef-3c753b7ef91a  |t 0 
952 f f |p ric  |a Texas A&M University  |b Rellis Campus  |c Joint Library Facility  |d Remote Storage  |t 0  |e TK5105.5 .V52  |h Library of Congress classification  |i unmediated -- volume  |m A14805482369 
998 f f |a TK5105.5 .V52  |t 0  |l Remote Storage